000 00318 a2200157 4500
001 44197
020 _a
040 _cAnchieta - Aquarius
100 _aAndrews, Paul
240 1 0 _aO ursinho Puff
_lpor
245 1 0 _aO ursinho Puff
300 _a
362 0 _a2000
650 4 _aLiteratura infantil
942 _cBK
999 _c44197
_d44197